Loading...
| Current Events | 2 | 15.00 | 100% | 50% | 0% |
| Fine Arts - Classical Music | 4 | 7.50 | 75% | 0% | 0% |
| Fine Arts - Other | 3 | 10.00 | 100% | 0% | 0% |
| Fine Arts - Painting and Sculpture | 5 | 12.00 | 80% | 40% | 0% |
| History - American | 5 | 16.00 | 100% | 20% | 40% |
| History - European | 4 | 15.00 | 100% | 50% | 0% |
| History - Other | 7 | 17.14 | 86% | 57% | 29% |
| History - World | 6 | 11.67 | 83% | 33% | 0% |
| Literature - American | 4 | 12.50 | 75% | 25% | 25% |
| Literature - British | 3 | 13.33 | 100% | 33% | 0% |
| Literature - European | 5 | 16.00 | 100% | 40% | 20% |
| Literature - World | 8 | 13.75 | 88% | 50% | 0% |
| Mythology | 6 | 21.67 | 100% | 83% | 33% |
| Other Academic | 1 | 20.00 | 0% | 100% | 100% |
| Philosophy | 3 | 20.00 | 100% | 67% | 33% |
| Pop Culture | 1 | 20.00 | 100% | 100% | 0% |
| Religion | 6 | 11.67 | 100% | 0% | 17% |
| Science - Biology | 5 | 10.00 | 80% | 20% | 0% |
| Science - Chemistry | 3 | 10.00 | 67% | 33% | 0% |
| Science - Other | 7 | 15.71 | 86% | 57% | 14% |
| Science - Physics | 7 | 10.00 | 71% | 14% | 14% |
| Social Science | 7 | 11.43 | 71% | 14% | 29% |